Statistiques concernant A qui appartient les paroles ? #2

Cliquez ici pour prendre le quiz!

Statistiques générales

  • Ce quiz a été pris 43 fois
  • Le résultat moyen est 3 sur 15

Statistiques - réponses

HintRéponse% Correct
Te dire "I love you, I love you" sans ouer-j
Mais j'suis au carré, y en a pleins d'autres
qui sont fraiches
Sch
67%
J'sors un sourire, j'me dit qu'il est faux, c'est
pas normal d'être si malheureux
PNL
59%
Un putain d'phénomène, fumée
nocive dans l'Porshe Cayenne
Green Montana
31%
J'essaye d'écrire de grandes choses mais j'ai plus les mots
J'essaye de faire de grandes choses en attendant la mort
Fresh Lapeufra
28%
On fait l'amour puis la guerre, on fait la guerre
puis l'amour. T'façon, les deux mènent à la mort,
les deux laissent un goût amer
josman
26%
Tous tes vieux chagrins sont loin derrière toi, avec
le temps, ça devient des jolis souvenirs
laylow
26%
Nous le seul but gros c'était d'brasser
t'as capté que j'te parle pas de natation
Djadja & Dinaz
23%
J'suis sorti, c'est tous les jours le jour de
ma paye
Maes
23%
j'préfère quand tu m'parles en douceur,
en douceur, tout parait plus simple
Lefa
21%
J'suis sur Mercure, faut qu'on perdure
C'qu'on va faire, c'qu'on espère plus
J'fais un rêve
luv resval
13%
Tourne a droite, j'ai vu les gyro', C'est pour
nous, j'ai pas envie de me faire péter
Sasso
8%
J'sais pas si y'a des caméras donc j'crime
sous bandana
Zola
5%
Y'a que maman quand c'est la crise,
aujourd'hui, pour maman j'encaisse
Moha La Squale
3%
T'as connu l'échec, tant pis pour toi
J'suis pas gosse de riche mais j'suis très, très courtois
SaturnCitizen
0%
ls ont voulu nous séparer,
Ils sont motiver par la ge-ra
On les laisse faire, pas d'vendetta
sneazzy
0%

Distribution des résultats

Percentile par nombre de réponses

% des personnes avec chaque résultat

Votre développement - résultats

Vous n’avez pas pris ce quiz